000 01086nam a22002417a 4500
003 OSt
005 20260511153332.0
008 260511b |||||||| |||| 00| 0 eng d
020 _a9781784871697
040 _aKenya National Library Service
082 _a823.912 WOO
100 _aWoolf, Virginia
_eauthor
245 _aMrs Dalloway /
_cVirginia Woolf ; with introduction by Carol Ann Duffy , Valentine Cunnigham
300 _axxv,172 pages ;
_c16 cm.
490 _aVintage classics Library.
520 _aVirginia Woolf's Mrs. Dalloway is back for a fresh release from Duke Classics. One thread follows Clarissa Dalloway as she spends a day planning to host a party in post-WWI England. Another follows the path of Septimus Smith, a struggling war veteran. Reflections on wartime, love, and the past are woven together before intersecting at the story's climax.
650 _amodernism - Fiction.
700 _aDuffy, Carol Ann
_eauthor
700 _aCunningham, Valentine
_eauthor
942 _2ddc
_cBK
_n0
999 _c492679
_d492679